000 00465nam a22001817a 4500
003 OSt
005 20240731160309.0
008 240731b |||||||| |||| 00| 0 eng d
020 _a158450521
040 _cMUST
100 _aDavies Mark
_919038
245 _aDesigning Character-Based Console Games
260 _aBoston
_bCharles Rivers Media
_c2007
300 _axv,544p.
_binclues ill.
_c24cm.
504 _aindex
650 _2computer games
942 _2ddc
_cBOOK
999 _c9315
_d9315